| 000 | 00479nam a2200169 a 4500 | ||
|---|---|---|---|
| 005 | 20140412111308.0 | ||
| 008 | 000818s19uu xx 00 eng d | ||
| 020 | _a0-02-778024-4 | ||
| 050 |
_aTR(PS E _bEv7Ho 1993 |
||
| 100 | _aRylant's Cynthia | ||
| 245 |
_aEveryday House / _cCynthia Rylant's. |
||
| 260 |
_aNew York : _bMaxwell Macmillan Canada, Inc, _c1993. |
||
| 300 | _a1 v. (unp.) ; ill. | ||
| 440 | _aThe Everyday Books | ||
| 650 | _aHouses-Fiction | ||
| 999 |
_c103800 _d103800 |
||